LIBRARY & INFORMATION CENTRE, KCAET, TAVANUR

ONLINE PUBLIC ACCESS CATALOGUE (OPAC)

Years work in English studies vol-XLV / (Record no. 6817)

MARC details
000 -LEADER
fixed length control field 00420cam a2200169ua 4500
041 ## - LANGUAGE CODE
Language code of text/sound track or separate title eng
082 ## - DEWEY DECIMAL CLASSIFICATION NUMBER
Classification number 828.09
Item number DOR/YE
100 ## - MAIN ENTRY--AUTHOR NAME
Personal name Dorsch, T S .
245 ## - TITLE STATEMENT
Title Years work in English studies vol-XLV /
250 ## - EDITION STATEMENT
Edition statement 1 /
260 ## - PUBLICATION, DISTRIBUTION, ETC. (IMPRINT)
Place of publication London :
Name of publisher John Murray ,
Year of publication 1964.
300 ## - PHYSICAL DESCRIPTION
Number of Pages 423 ; .
700 1# - ADDED ENTRY--PERSONAL NAME
Personal name Harlow, C G .
942 ## - ADDED ENTRY ELEMENTS (KOHA)
Koha item type Books
Holdings
Withdrawn status Lost status Damaged status Home library Current library Date acquired Full call number Accession Number Koha item type
Withdrawn     KAUAET Sanskrit University 07/04/2012 828.09 11740 Books
free website counter